|
|
|
|
| LEADER |
01314nam a2200337 4500 |
| 001 |
DLU110115794 |
| 005 |
##20110214 |
| 040 |
# |
# |
|a DLU
|b vie
|
| 041 |
# |
# |
|a vie
|
| 044 |
# |
# |
|a vn
|
| 082 |
# |
# |
|a 579.8
|b Tao
|
| 245 |
# |
# |
|a Tảo độc hại trong vùng biển ven bờ Việt Nam /
|c Nguyễn Ngọc Lâm, Đoàn Như Hải chủ biên.
|
| 260 |
# |
# |
|a H. :
|b Khoa học Tự nhiên và Công nghệ,
|c 2009.
|
| 300 |
# |
# |
|a 309 tr. :
|b minh hoạ ;
|c 27 cm.
|
| 504 |
# |
# |
|a Tài liệu tham khảo: tr. 307-309.
|
| 505 |
# |
# |
|a Phần I. Thành phần các loài vi tảo có khả năng độc hại -- Phần II. Sinh thái phân bố các loài tảo có khả năng độc hại ven bờ Việt Nam -- Phần III. Ảnh hưởng sự nở hoa của vi tảo đến cấu trúc quần xã sinh vật -- Phần IV. Độc tố tảo và ảnh hưởng của chúng đối với nguồn lợi thuỷ sản.
|
| 650 |
# |
# |
|a Tảo biển độc hại.
|
| 650 |
# |
# |
|a Tảo học.
|
| 700 |
# |
# |
|a Đoàn Như Hải,
|e chủ biên.
|
| 700 |
# |
# |
|a Nguyễn Ngọc Lâm,
|e chủ biên.
|
| 923 |
# |
# |
|a 18/2010
|
| 991 |
# |
# |
|a SH
|
| 992 |
# |
# |
|a 16000
|
| 994 |
# |
# |
|a DLU
|
| 900 |
# |
# |
|a True
|
| 911 |
# |
# |
|a Đào Thị Thu Huyền
|
| 925 |
# |
# |
|a G
|
| 926 |
# |
# |
|a A
|
| 927 |
# |
# |
|a SH
|
| 980 |
# |
# |
|a Thư viện Trường Đại học Đà Lạt
|